000
00262nam a2200097Ia 4500
001
1141519
005
20250827010121.0
008
250824s9999 xx 000 0 und d
245
0
_a
YASEMİN VE LAVANTA
_c
SEVGİ SAYGI
260
_b
GÜNIŞIĞI KİTAPLIĞI YAYINLARI
999
_c
1141519
_d
1141519